000 00332nam a2200133Ia 4500
005 20260328101530.0
008 260328s9999||||xx |||||||||||||| ||und||
100 _aBlackwell, Lewis
245 0 _aRestaurantes y Bares /
_cLewis Blackwell
260 _bGustavo Gili
300 _a149 p.
650 _aRESTAURANTES Y BARES
942 _cBK
999 _c9955
_d9955